[Event "86th YMCA Winter-A"]
[Site "Warszawa"]
[Date "2011.01.27"]
[Round "4"]
[White "Gasik, Piotr"]
[Black "Krasiewicz, Robert"]
[Result "1-0"]
[WhiteElo "2106"]
[BlackElo "2057"]
[PlyCount "57"]
[EventDate "2011.01.06"]
[EventType "tourn"]
[EventRounds "1"]
[EventCountry "POL"]
[SourceDate "2011.01.06"]

1. c4 f5 2. Nf3 Nf6 3. g3 g6 4. Nc3 Bg7 5. Bg2 d6 6. d4 O-O 7. O-O c6 8. Qb3
Kh8 9. Rd1 Qc7 10. Qa3 Be6 11. c5 h6 12. cxd6 exd6 13. Bf4 Rd8 14. Rac1 g5 15.
d5 gxf4 16. dxe6 fxg3 17. hxg3 Ne4 18. Nd5 Qc8 19. Nh4 Nc5 20. Ne7 Qc7 21.
Neg6+ Kh7 22. e7 Re8 23. Bh3 f4 24. gxf4 Bf6 25. Nf8+ Kg7 26. Nf5+ Kf7 27.
Nxh6+ Kxe7 28. Ng6+ Kd8 29. Qxc5 1-0

[Event "86th YMCA Winter-A"]
[Site "Warszawa"]
[Date "2011.01.28"]
[Round "4"]
[White "Kasperkiewicz, Pawel"]
[Black "Alvarado, Carlos"]
[Result "1/2-1/2"]
[WhiteElo "2128"]
[BlackElo "2190"]
[Annotator "M"]
[PlyCount "39"]
[EventDate "2011.01.06"]
[EventType "tourn"]
[EventRounds "1"]
[EventCountry "POL"]
[SourceDate "2011.01.06"]

1. e4 e5 2. Bc4 Nf6 3. d3 c6 4. Nf3 d5 5. Bb3 Bd6 6. Nc3 dxe4 7. Nxe4 Nxe4 8.
dxe4 O-O 9. O-O Bg4 10. h3 Bh5 11. g4 Bg6 12. Nd2 Qe7 13. Nc4 Bc7 14. Qf3 Nd7
15. c3 Nc5 16. Bc2 Ne6 17. Ne3 Ng5 18. Qg2 Ne6 19. Nf5 Bxf5 20. exf5 $11
1/2-1/2

[Event "86th YMCA Winter-A"]
[Site "Warszawa"]
[Date "2011.01.27"]
[Round "4"]
[White "Zurkowski, Andrzej"]
[Black "Grochulski, Grzegorz"]
[Result "1-0"]
[WhiteElo "2138"]
[BlackElo "2046"]
[PlyCount "151"]
[EventDate "2011.01.06"]
[EventType "tourn"]
[EventRounds "1"]
[EventCountry "POL"]
[SourceDate "2011.01.06"]

1. b3 e5 2. Bb2 Nc6 3. e3 d6 4. d4 Nge7 5. dxe5 Nxe5 6. Be2 N7c6 7. Nf3 Be6 8.
O-O a6 9. c4 Be7 10. Nxe5 dxe5 11. Bf3 Qxd1 12. Rxd1 f6 13. Bxc6+ bxc6 14. Ba3
Rd8 15. Rxd8+ Kxd8 16. Bxe7+ Kxe7 17. Nc3 Rd8 18. Rd1 Rxd1+ 19. Nxd1 Kd6 20.
Nc3 Kc5 21. a3 Bf5 22. Na4+ Kd6 23. b4 Be6 24. c5+ Kd5 25. Nb2 a5 26. Kf1 axb4
27. axb4 h5 28. f3 h4 29. Ke2 e4 30. f4 Bc8 31. g3 hxg3 32. hxg3 g6 33. Kd2 Ba6
34. Kc3 f5 35. Kd2 Bb5 36. Ke1 Bc4 37. Kf2 Bb3 38. Kg2 Ke6 39. Kh3 Kf7 40. Kg2
Ke6 41. Kf2 Kd5 42. Ke2 Bc4+ 43. Kd2 Bb5 44. Kc3 Be2 45. Kb3 Bb5 46. Nd1 Bc4+
47. Kc3 Be2 48. Nf2 Bf1 49. g4 Bg2 50. gxf5 gxf5 51. Kb3 Bf1 52. Nh1 Bc4+ 53.
Kc3 Be2 54. Ng3 Bg4 55. Nf1 Bh5 56. Nd2 Be2 57. Nb3 Bd1 58. Nd4 Bg4 59. Nb3 Bd1
60. Na5 Be2 61. Nb7 Bd1 62. Na5 Be2 63. Kd2 Bc4 64. Ke1 Ba2 65. Kf2 Bc4 66. Kg3
Bb5 67. Kh4 Ba6 68. Kg5 Ke6 69. Nxc6 Kd5 70. Nd4 Kc4 71. Kxf5 Kd3 72. b5 Bc8+
73. Ke5 Kxe3 74. f5 Bd7 75. b6 cxb6 76. cxb6 1-0

[Event "86th YMCA Winter-A"]
[Site "Warszawa"]
[Date "2011.02.03"]
[Round "5"]
[White "Grochulski, Grzegorz"]
[Black "Michniewski, Tomasz"]
[Result "1/2-1/2"]
[WhiteElo "2046"]
[BlackElo "2166"]
[Annotator "M"]
[PlyCount "97"]
[EventDate "2011.01.06"]
[EventType "tourn"]
[EventRounds "1"]
[EventCountry "POL"]
[SourceDate "2011.01.06"]

1. e4 c5 2. Nf3 a6 3. c3 d6 4. d4 cxd4 5. cxd4 Nf6 6. Nc3 g6 7. Bg5 Bg7 8. e5
Ng4 9. exd6 Qxd6 10. h3 Nf6 11. Bc4 O-O 12. O-O b5 13. Bd3 Bb7 14. Re1 Nbd7 15.
Qe2 e6 16. Rad1 b4 17. Ne4 Nxe4 18. Bxe4 Bd5 19. Be7 Qxe7 20. Bxd5 Ra7 21. Bb3
Qf6 22. d5 exd5 23. Rxd5 Qb6 24. Red1 Nf6 25. Rd6 Qb7 26. Ng5 a5 27. Rd8 Qe7
28. Bxf7+ Kh8 29. Qxe7 Rxe7 30. Bc4 h5 31. Bf7 Nh7 32. Nxh7 Kxh7 33. Rxf8 Bxf8
34. Bc4 Bg7 35. b3 Bc3 36. Rd5 Re5 37. Rd7+ Kh6 38. Rd1 Re1+ 39. Rxe1 Bxe1 40.
Kf1 Bc3 41. Ke2 Kg5 42. Kd3 h4 43. a4 Kf4 44. Bf7 Kg5 45. Kc4 Bf6 46. Be6 Bd8
47. Bd7 Bb6 48. Kb5 Bd8 49. Kc4 $11 1/2-1/2

[Event "86th YMCA Winter-A"]
[Site "Warszawa"]
[Date "2011.02.11"]
[Round "5"]
[White "Alvarado, Carlos"]
[Black "Zurkowski, Andrzej"]
[Result "1-0"]
[WhiteElo "2190"]
[BlackElo "2138"]
[PlyCount "61"]
[EventDate "2011.01.06"]
[EventType "tourn"]
[EventRounds "1"]
[EventCountry "POL"]
[SourceDate "2011.01.06"]

1. d4 c5 2. d5 e5 3. e4 d6 4. Bb5+ Nd7 5. a4 Be7 6. Nf3 Ngf6 7. Nc3 O-O 8. O-O
a6 9. Bd3 Re8 10. Nd2 Nf8 11. a5 h6 12. Nc4 g5 13. Na4 Ng6 14. Nab6 Rb8 15. Ne3
Bf8 16. Bd2 Nd7 17. Nbc4 Nf4 18. g3 Nxd3 19. cxd3 Nf6 20. b4 Bd7 21. bxc5 dxc5
22. Bc3 Qc7 23. Rb1 Bb5 24. Qf3 Nd7 25. Qf5 Bg7 26. f4 f6 27. fxe5 Nxe5 28.
Bxe5 fxe5 29. Qg6 Rf8 30. d6 Qd7 31. Nf5 1-0

[Event "86th YMCA Winter-A"]
[Site "Warszawa"]
[Date "2011.02.02"]
[Round "5"]
[White "Krasiewicz, Robert"]
[Black "Kasperkiewicz, Pawel"]
[Result "0-1"]
[WhiteElo "2057"]
[BlackElo "2128"]
[Annotator "M"]
[PlyCount "82"]
[EventDate "2011.01.06"]
[EventType "tourn"]
[EventRounds "1"]
[EventCountry "POL"]
[SourceDate "2011.01.06"]

1. d4 Nf6 2. c4 e6 3. Nf3 b6 4. g3 Ba6 5. b3 Bb7 6. Bg2 Bb4+ 7. Bd2 Be7 8. O-O
O-O 9. Bc3 d5 10. Ne5 Nbd7 11. Nd2 c5 12. e3 cxd4 13. exd4 Qc7 14. f4 dxc4 15.
bxc4 Bxg2 16. Kxg2 Rfd8 17. Qf3 Rac8 18. Rac1 g6 19. g4 Bf8 20. g5 Ne8 21. d5
Nc5 22. Nc6 Rd7 23. Ne5 Rdd8 24. Nc6 Rd7 25. Ne5 Rdd8 $11 26. h4 Ng7 27. Ng4
Nh5 28. Be5 Qb7 29. Bf6 Re8 30. Rce1 exd5 31. Be5 dxc4 32. Nxc4 Qxf3+ 33. Rxf3
Nd7 34. Nd6 Bxd6 35. Nh6+ Kf8 36. Bxd6+ Kg7 37. Rfe3 Rxe3 38. Rxe3 Rc6 39. Re8
Nhf6 40. Be5 Nxe5 41. fxe5 Nxe8 0-1

[Event "86th YMCA Winter-A"]
[Site "Warszawa"]
[Date "2011.02.04"]
[Round "5"]
[White "Kielar, Maciej"]
[Black "Gasik, Piotr"]
[Result "1/2-1/2"]
[WhiteElo "2101"]
[BlackElo "2106"]
[PlyCount "79"]
[EventDate "2011.01.06"]
[EventType "tourn"]
[EventRounds "1"]
[EventCountry "POL"]
[SourceDate "2011.01.06"]

1. e4 Nf6 2. e5 Nd5 3. Nf3 d6 4. d4 g6 5. Nbd2 Bg7 6. c3 O-O 7. Be2 Nf4 8. O-O
Nxe2+ 9. Qxe2 c5 10. Re1 cxd4 11. exd6 Qxd6 12. Nxd4 e5 13. Nc4 Qd5 14. Nxe5
Re8 15. Bf4 g5 16. Qc4 Be6 17. Nxe6 Qxe6 18. Bg3 f5 19. Qb5 Nc6 20. Nd3 Qf7 21.
Be5 a6 22. Qc5 Bf8 23. Qe3 f4 24. Qf3 Rad8 25. h4 Rxd3 26. Qxd3 Nxe5 27. Qe4
Bc5 28. Qc2 Ng4 29. Rxe8+ Qxe8 30. Qf5 Bxf2+ 31. Kh1 Qh5 32. Qe6+ Kf8 33. Qc8+
Kg7 34. Qd7+ Kf6 35. Qd6+ Kf5 36. Qd7+ Kf6 37. Qd6+ Kf7 38. Qd7+ Kf8 39. Qc8+
Kg7 40. Qd7+ 1/2-1/2

[Event "86th YMCA Winter-A"]
[Site "Warszawa"]
[Date "2011.02.03"]
[Round "5"]
[White "Nowicki, Bartosz"]
[Black "Jozwik, Jacek"]
[Result "1-0"]
[WhiteElo "2119"]
[BlackElo "2050"]
[PlyCount "79"]
[EventDate "2011.01.06"]
[EventType "tourn"]
[EventRounds "1"]
[EventCountry "POL"]
[SourceDate "2011.01.06"]

1. e4 e6 2. d4 d5 3. Nd2 Nc6 4. Ngf3 Nf6 5. e5 Nd7 6. Bd3 Nb4 7. Be2 c5 8. c3
Nc6 9. O-O cxd4 10. cxd4 Qb6 11. Bd3 f6 12. Re1 Nxd4 13. Nxd4 Qxd4 14. Nf3 Qb6
15. exf6 Nxf6 16. Bg5 Bc5 17. Qc2 O-O 18. Bxf6 Rxf6 19. Rac1 Bd6 20. Bxh7+ Kh8
21. Ne5 Qd8 22. Bg6 Kg8 23. Qd3 Bxe5 24. Rxe5 Qd6 25. Rce1 Bd7 26. Rh5 Rc8 27.
Rh8+ Kxh8 28. Qh3+ Kg8 29. Qh7+ Kf8 30. Qh8+ Ke7 31. Qxg7+ Kd8 32. Qxf6+ Kc7
33. h4 Rf8 34. Qg5 d4 35. h5 Bc6 36. h6 Kd7 37. h7 Bd5 38. Bd3 Qe7 39. Qe5 Qh4
40. Qg7+ 1-0

[Event "86th YMCA Winter-A"]
[Site "Warszawa"]
[Date "2011.02.01"]
[Round "5"]
[White "Kaczorowski, Piotr"]
[Black "Choroszej, Aleksander"]
[Result "1/2-1/2"]
[WhiteElo "2117"]
[BlackElo "2074"]
[Annotator "M"]
[PlyCount "66"]
[EventDate "2011.01.06"]
[EventType "tourn"]
[EventRounds "1"]
[EventCountry "POL"]
[SourceDate "2011.01.06"]

1. e4 g6 2. d4 Bg7 3. Nf3 d6 4. h3 Nf6 5. Bd3 O-O 6. O-O c5 7. c3 d5 8. e5 Ne4
9. Re1 Nc6 10. Bxe4 dxe4 11. Rxe4 Qd5 12. Re1 Rd8 13. Bg5 cxd4 14. cxd4 Nxe5
15. Nxe5 Bxe5 16. Nc3 Bh2+ 17. Kxh2 Qxg5 18. Qc1 Qf6 19. d5 Qxf2 20. Rxe7 Qc5
21. Qg5 Qd6+ 22. Kh1 h6 23. Qe3 Be6 24. Rxb7 Bxd5 25. Nxd5 Qxd5 26. Rxa7 Rxa7
27. Qxa7 Ra8 28. Qb6 Rxa2 29. Rxa2 Qxa2 30. b4 Qa1+ 31. Kh2 Qe5+ 32. Kh1 Qe1+
33. Kh2 Qe5+ $11 1/2-1/2

[Event "86th YMCA Winter-A"]
[Site "Warszawa"]
[Date "2011.02.03"]
[Round "5"]
[White "Olejarczyk, Bogdan"]
[Black "Szymczak, Rafal"]
[Result "1-0"]
[WhiteElo "2104"]
[BlackElo "2089"]
[PlyCount "35"]
[EventDate "2011.01.06"]
[EventType "tourn"]
[EventRounds "1"]
[EventCountry "POL"]
[SourceDate "2011.01.06"]

1. d4 f5 2. g3 d6 3. Nf3 g6 4. Bg2 Bg7 5. c4 Nf6 6. b4 Ne4 7. Bb2 c5 8. Nbd2
Nxd2 9. Qxd2 cxb4 10. O-O O-O 11. Qxb4 Nc6 12. Qb3 Qe8 13. c5+ Kh8 14. d5 Nd8
15. Rac1 dxc5 16. Bxg7+ Kxg7 17. Rxc5 b6 18. Qc3+ 1-0

[Event "86th YMCA Winter-A"]
[Site "Warszawa"]
[Date "2011.02.10"]
[Round "6"]
[White "Michniewski, Tomasz"]
[Black "Szymczak, Rafal"]
[Result "1/2-1/2"]
[WhiteElo "2166"]
[BlackElo "2089"]
[Annotator "M"]
[PlyCount "70"]
[EventDate "2011.01.06"]
[EventType "tourn"]
[EventRounds "1"]
[EventCountry "POL"]
[SourceDate "2011.01.06"]

1. d4 f5 2. Bg5 d6 3. e3 c6 4. Nd2 Qc7 5. Bc4 e6 6. Ne2 h6 7. Bh4 g5 8. Bg3 Nf6
9. h4 Qg7 10. h5 Be7 11. Bd3 d5 12. c4 O-O 13. Nf3 Nbd7 14. Ne5 Nxe5 15. Bxe5
Qf7 16. Nc3 Ne4 17. f3 Nxc3 18. bxc3 Bf6 19. f4 Bxe5 20. fxe5 Bd7 21. Rb1 Be8
22. Rb2 g4 23. g3 b6 24. cxd5 cxd5 25. Bb5 Qc7 26. Qd3 Bxb5 27. Rxb5 Rac8 28.
Kd2 Qc4 29. Qxc4 Rxc4 30. Rb4 Rfc8 31. Rxc4 Rxc4 32. Kc2 Kf7 33. Kb3 b5 34. Rb1
a6 35. a3 Ke7 $11 1/2-1/2

[Event "86th YMCA Winter-A"]
[Site "Warszawa"]
[Date "2011.02.09"]
[Round "6"]
[White "Choroszej, Aleksander"]
[Black "Olejarczyk, Bogdan"]
[Result "1-0"]
[WhiteElo "2074"]
[BlackElo "2104"]
[PlyCount "119"]
[EventDate "2011.01.06"]
[EventType "tourn"]
[EventRounds "1"]
[EventCountry "POL"]
[SourceDate "2011.01.06"]

1. d4 d5 2. c4 e6 3. Nc3 Be7 4. Nf3 Nf6 5. e3 O-O 6. Qc2 b6 7. cxd5 exd5 8. Bd3
c5 9. Ne5 c4 10. Be2 Be6 11. g4 Qc8 12. h3 Nc6 13. f4 Ne4 14. Nxe4 Nb4 15. Qd1
dxe4 16. g5 f6 17. gxf6 Bxf6 18. Bg4 Bh4+ 19. Kf1 Nd3 20. Rh2 Qe8 21. Bd2 Rc8
22. Bc3 Rd8 23. Bxe6+ Qxe6 24. Qg4 Qxg4 25. hxg4 Nxe5 26. dxe5 Be7 27. Bd4 Rc8
28. Rc1 b5 29. Ke2 a5 30. f5 b4 31. e6 h6 32. Rch1 Bg5 33. Rd1 Rfd8 34. Rhh1 a4
35. Be5 Rd3 36. Bd4 Rd8 37. Rc1 Rc8 38. Rc2 c3 39. bxc3 bxc3 40. Rb1 Be7 41.
Rb7 Bf6 42. Bxf6 gxf6 43. Rb4 Rcd8 44. Rxa4 Rd2+ 45. Rxd2 Rxd2+ 46. Ke1 Kf8 47.
Rxe4 Rxa2 48. Rc4 Rg2 49. Rxc3 Rxg4 50. Kf2 Rg5 51. e4 Rg4 52. Kf3 Rg1 53. Rc8+
Ke7 54. Rc7+ Kd6 55. Rd7+ Kc6 56. Rd2 Rg7 57. Rh2 Rh7 58. Kf4 Kd6 59. Rd2+ Kc7
60. e5 1-0

[Event "86th YMCA Winter-A"]
[Site "Warszawa"]
[Date "2011.02.09"]
[Round "6"]
[White "Jozwik, Jacek"]
[Black "Kaczorowski, Piotr"]
[Result "0-1"]
[WhiteElo "2050"]
[BlackElo "2117"]
[PlyCount "48"]
[EventDate "2011.01.06"]
[EventType "tourn"]
[EventRounds "1"]
[EventCountry "POL"]
[SourceDate "2011.01.06"]

1. d4 Nf6 2. Nf3 g6 3. Bg5 Ne4 4. Bh4 c5 5. e3 Bg7 6. Bd3 d5 7. c3 O-O 8. O-O
Nc6 9. Nbd2 f5 10. c4 Nxd2 11. Nxd2 cxd4 12. cxd5 dxe3 13. Bc4 Na5 14. d6+ Nxc4
15. dxe7 Qxd2 16. exf8=Q+ Kxf8 17. Qb3 e2 18. Rfe1 Ne5 19. Qa3+ Kg8 20. Qe7 Bd7
21. Bg5 Qd3 22. f4 Re8 23. Qb4 Qe3+ 24. Kh1 Nd3 0-1

[Event "86th YMCA Winter-A"]
[Site "Warszawa"]
[Date "2011.02.10"]
[Round "6"]
[White "Gasik, Piotr"]
[Black "Nowicki, Bartosz"]
[Result "0-1"]
[WhiteElo "2106"]
[BlackElo "2119"]
[PlyCount "42"]
[EventDate "2011.01.06"]
[EventType "tourn"]
[EventRounds "1"]
[EventCountry "POL"]
[SourceDate "2011.01.06"]

1. Nf3 f5 2. d4 Nf6 3. c4 e6 4. g3 d5 5. Bg2 c6 6. Nbd2 Bd6 7. O-O O-O 8. Ne5
Qe7 9. Ndf3 b6 10. Bf4 Bb7 11. Rc1 c5 12. Nd3 Nbd7 13. e3 dxc4 14. Rxc4 Ba6 15.
Rc2 c4 16. Nde5 Rac8 17. Qe2 b5 18. b3 Nb6 19. bxc4 bxc4 20. Rb1 Nfd5 21. Ne1
g5 0-1

[Event "86th YMCA Winter-A"]
[Site "Warszawa"]
[Date "2011.03.02"]
[Round "6"]
[White "Kasperkiewicz, Pawel"]
[Black "Kielar, Maciej"]
[Result "0-1"]
[WhiteElo "2128"]
[BlackElo "2101"]
[PlyCount "52"]
[EventDate "2011.01.06"]
[EventType "tourn"]
[EventRounds "1"]
[EventCountry "POL"]
[SourceDate "2011.01.06"]

1. e4 c5 2. c3 d5 3. exd5 Qxd5 4. d4 Nf6 5. Nf3 Bg4 6. Be2 cxd4 7. cxd4 e6 8.
Nc3 Qa5 9. Qb3 Bb4 10. O-O Nbd7 11. a3 Bxc3 12. bxc3 O-O 13. Bf4 Nd5 14. Bd2
Qc7 15. c4 Ne7 16. Bc3 Rac8 17. Rab1 b6 18. Rbc1 Nf5 19. Bb2 Qf4 20. Rfd1 Nf6
21. h3 Bh5 22. g4 Ng3 23. fxg3 Qxg3+ 24. Kf1 Bxg4 25. hxg4 Nxg4 26. d5 Qf2# 0-1

[Event "86th YMCA Winter-A"]
[Site "Warszawa"]
[Date "2011.02.10"]
[Round "6"]
[White "Zurkowski, Andrzej"]
[Black "Krasiewicz, Robert"]
[Result "1-0"]
[WhiteElo "2138"]
[BlackElo "2057"]
[Annotator "M"]
[PlyCount "111"]
[EventDate "2011.01.06"]
[EventType "tourn"]
[EventRounds "1"]
[EventCountry "POL"]
[SourceDate "2011.01.06"]

1. d4 d5 2. Nf3 Nf6 3. e3 Bf5 4. Bd3 g6 5. Ne5 Nbd7 6. c4 Bxd3 7. Qxd3 c6 8.
Nc3 Bg7 9. f4 e6 10. O-O O-O 11. Bd2 Rc8 12. cxd5 cxd5 13. Nb5 Ne4 14. Bb4 Re8
15. Nxa7 Nxe5 16. fxe5 Rc4 17. Be1 Qb6 18. b3 Rc7 19. Nb5 Rc6 20. a4 Rec8 21.
Bb4 f6 22. exf6 Bxf6 23. Ra2 Kg7 24. Qe2 Rc1 25. Ba3 Rxf1+ 26. Qxf1 Qa5 27. Bd6
Nd2 28. b4 Nxf1 29. bxa5 Nxe3 30. Bc5 Nc4 31. Re2 Rc6 32. Bb4 e5 33. dxe5 Bxe5
34. Re1 $11 d4 35. g3 Bf6 36. Kf2 Nb2 37. Rb1 Rc2+ 38. Kf3 d3 39. Ba3 Nc4 40.
Bb4 Rxh2 41. Rd1 Ne5+ 42. Ke4 Re2+ 43. Kd5 Ra2 44. Nd6 Kg8 45. Nxb7 Rxa4 46.
Bc3 Ng4 47. Rxd3 Ra3 48. Kc4 Bg5 49. Nc5 Ne3+ 50. Kb5 Nc2 51. a6 h5 52. Be5 Ra2
53. Rd7 Bd2 54. a7 Ra5+ 55. Kb6 Bb4 56. Na6 1-0

[Event "86th YMCA Winter-A"]
[Site "Warszawa"]
[Date "2011.02.24"]
[Round "6"]
[White "Grochulski, Grzegorz"]
[Black "Alvarado, Carlos"]
[Result "1/2-1/2"]
[WhiteElo "2046"]
[BlackElo "2190"]
[PlyCount "118"]
[EventDate "2011.01.06"]
[EventType "tourn"]
[EventRounds "1"]
[EventCountry "POL"]
[SourceDate "2011.01.06"]

1. e4 e5 2. f4 exf4 3. Nf3 Ne7 4. d4 d5 5. Nc3 dxe4 6. Nxe4 Nd5 7. c4 Ne3 8.
Bxe3 fxe3 9. Qb3 Nc6 10. Qxe3 Qe7 11. Kf2 f5 12. Nc3 Qxe3+ 13. Kxe3 Be7 14. Nd5
Bd8 15. Bd3 O-O 16. Rae1 Be6 17. Nf4 Bf7 18. d5 Nb4 19. Bb1 g5 20. Nd3 Nxd3 21.
Bxd3 c6 22. dxc6 Bb6+ 23. Kd2 Ba5+ 24. Kc2 Bxe1 25. cxb7 Rab8 26. Rxe1 g4 27.
Nd4 Rxb7 28. Nxf5 Bg6 29. Ne7+ Kg7 30. Nxg6 Rf2+ 31. Re2 Rxe2+ 32. Bxe2 hxg6
33. Bxg4 Kf6 34. Kc3 Ke5 35. b4 Rf7 36. Bf3 g5 37. h3 Rd7 38. a3 Kd6 39. Kd4
Re7 40. a4 Re1 41. a5 Ra1 42. Kc3 Rc1+ 43. Kb3 Rb1+ 44. Kc3 Rc1+ 45. Kd4 Ra1
46. Bd5 Rd1+ 47. Ke4 Rf1 48. Kd4 Rd1+ 49. Kc3 Rc1+ 50. Kd2 Ra1 51. Ke3 Ke5 52.
Kd3 Ra3+ 53. Kc2 Kd4 54. Kb2 Re3 55. b5 Kc5 56. Kc2 Ra3 57. a6 Re3 58. Kd2 Ra3
59. Ke2 Rc3 1/2-1/2

[Event "86th YMCA Winter-A"]
[Site "Warszawa"]
[Date "2011.02.27"]
[Round "7"]
[White "Alvarado, Carlos"]
[Black "Michniewski, Tomasz"]
[Result "1-0"]
[WhiteElo "2190"]
[BlackElo "2166"]
[PlyCount "99"]
[EventDate "2011.01.06"]
[EventType "tourn"]
[EventRounds "1"]
[EventCountry "POL"]
[SourceDate "2011.01.06"]

1. d4 Nf6 2. c4 g6 3. g3 Bg7 4. Bg2 O-O 5. Nc3 d6 6. Nf3 c6 7. O-O Nbd7 8. e4
e5 9. h3 exd4 10. Nxd4 Nc5 11. Be3 Qe7 12. Qc2 a5 13. Rad1 Re8 14. Rfe1 Nfd7
15. f4 a4 16. Bf2 Nb6 17. b4 axb3 18. axb3 Qc7 19. Ndb5 cxb5 20. Nxb5 Qe7 21.
Nxd6 Nbd7 22. Nxe8 Qxe8 23. b4 Ne6 24. e5 Nb8 25. Ra1 Rxa1 26. Rxa1 Na6 27. Qd2
Bf8 28. b5 Nac5 29. Rd1 Be7 30. Kh2 Kg7 31. Be3 h5 32. Bd5 Qd8 33. Qe2 Qc7 34.
Re1 Kh7 35. f5 h4 36. fxe6 hxg3+ 37. Kg2 fxe6 38. Bxc5 Qxc5 39. Be4 Kg7 40. Bd3
Qf2+ 41. Qxf2 gxf2 42. Re4 g5 43. Kxf2 b6 44. Rg4 Kh6 45. Be4 Bd8 46. Ke3 Be7
47. Bc6 Ba3 48. Ke4 Kh5 49. Rg2 Kh4 50. Ra2 1-0

[Event "86th YMCA Winter-A"]
[Site "Warszawa"]
[Date "2011.02.25"]
[Round "7"]
[White "Krasiewicz, Robert"]
[Black "Grochulski, Grzegorz"]
[Result "0-1"]
[WhiteElo "2057"]
[BlackElo "2046"]
[PlyCount "50"]
[EventDate "2011.01.06"]
[EventType "tourn"]
[EventRounds "1"]
[EventCountry "POL"]
[SourceDate "2011.01.06"]

1. Nf3 c5 2. c4 Nc6 3. b3 e5 4. Bb2 e4 5. Ne5 Nce7 6. b4 f6 7. Ng4 d5 8. Ne3 d4
9. Nc2 Nc6 10. d3 exd3 11. Qxd3 Nh6 12. Nd2 Bf5 13. e4 dxe3 14. Qxe3+ Kf7 15.
Rc1 Bxc2 16. Rxc2 Nxb4 17. Rc3 Bd6 18. Be2 Re8 19. Qf3 Be5 20. O-O Qxd2 21. Rd1
Qxb2 22. Rd7+ Kf8 23. Re3 Bd4 24. Qg3 Nf5 25. Qh3 Qb1+ 0-1

[Event "86th YMCA Winter-A"]
[Site "Warszawa"]
[Date "2011.02.23"]
[Round "7"]
[White "Kielar, Maciej"]
[Black "Zurkowski, Andrzej"]
[Result "1-0"]
[WhiteElo "2101"]
[BlackElo "2138"]
[PlyCount "107"]
[EventDate "2011.01.06"]
[EventType "tourn"]
[EventRounds "1"]
[EventCountry "POL"]
[SourceDate "2011.01.06"]

1. e4 d5 2. exd5 Qxd5 3. Nc3 Qd6 4. Nf3 Nf6 5. g3 c6 6. Bg2 Bg4 7. d4 e6 8. Bf4
Qd8 9. Qd2 Bxf3 10. Bxf3 Nbd7 11. O-O Be7 12. a4 a5 13. Rfe1 O-O 14. Qd3 Nb6
15. Ne4 Nbd5 16. Be5 Nd7 17. Rad1 Qb6 18. c4 Nb4 19. Qe2 Rfd8 20. Bd6 Bxd6 21.
Nxd6 Nf8 22. Bh5 Rd7 23. Qe5 Ng6 24. Bxg6 hxg6 25. c5 Qd8 26. Re3 Qf6 27. Qe4
Qg5 28. Kg2 Qd5 29. f3 Qa2 30. Rd2 Qxa4 31. Ra3 Qxa3 32. bxa3 Nd5 33. h4 b5 34.
Rb2 Ra6 35. g4 a4 36. h5 g5 37. Kg3 Re7 38. Qe1 Nf4 39. Qe3 f6 40. Rh2 Ra8 41.
Qe4 Ra6 42. Rb2 Kh8 43. Qb1 Ra8 44. Rh2 Kg8 45. Qe4 Ra6 46. Nf5 Rd7 47. Ne3 Rc7
48. Ng2 e5 49. dxe5 Re7 50. Nxf4 Rxe5 51. Qxe5 fxe5 52. Nd3 Ra7 53. Nxe5 Re7
54. f4 1-0

[Event "86th YMCA Winter-A"]
[Site "Warszawa"]
[Date "2011.02.08"]
[Round "7"]
[White "Nowicki, Bartosz"]
[Black "Kasperkiewicz, Pawel"]
[Result "1-0"]
[WhiteElo "2119"]
[BlackElo "2128"]
[PlyCount "113"]
[EventDate "2011.01.06"]
[EventType "tourn"]
[EventRounds "1"]
[EventCountry "POL"]
[SourceDate "2011.01.06"]

1. e4 c6 2. d4 d5 3. e5 Bf5 4. h4 h5 5. Bg5 Qb6 6. Bd3 Bxd3 7. Qxd3 e6 8. Nd2
Ne7 9. Ngf3 Qa6 10. c4 dxc4 11. Nxc4 Nf5 12. O-O Nd7 13. Qc2 Be7 14. Ne3 g6 15.
Nxf5 gxf5 16. Qd2 Rg8 17. Bxe7 Kxe7 18. Qb4+ Ke8 19. Ng5 Nb6 20. Nh7 Rh8 21.
Nf6+ Kd8 22. Qd6+ Kc8 23. Qe7 Nd5 24. Qxf7 Nc7 25. Ng8 b6 26. Qg7 Rxg8 27.
Qxg8+ Kb7 28. Qf7 Qe2 29. b4 Qg4 30. f4 Rg8 31. Rf2 Rg7 32. Qf8 Rd7 33. Qf6
Rxd4 34. Qg5 Rd1+ 35. Rxd1 Qxd1+ 36. Rf1 Qe2 37. a3 Nd5 38. Qg3 Qd2 39. Rf3 a5
40. bxa5 Qxa5 41. Kh2 Qd2 42. Qg7+ Nc7 43. Qf7 c5 44. Qxh5 c4 45. Rf1 c3 46.
Qd1 Qe3 47. Qf3+ Qxf3 48. gxf3 Nd5 49. Kg3 Kc6 50. h5 Kc5 51. h6 Ne7 52. Kh4
Ng6+ 53. Kg5 Nh8 54. Kf6 Kc4 55. Kg7 Kb3 56. Kxh8 Kxa3 57. Kg7 1-0

[Event "86th YMCA Winter-A"]
[Site "Warszawa"]
[Date "2011.02.17"]
[Round "7"]
[White "Olejarczyk, Bogdan"]
[Black "Jozwik, Jacek"]
[Result "1/2-1/2"]
[WhiteElo "2104"]
[BlackElo "2050"]
[Annotator "M"]
[PlyCount "112"]
[EventDate "2011.01.06"]
[EventType "tourn"]
[EventRounds "1"]
[EventCountry "POL"]
[SourceDate "2011.01.06"]

1. d4 Nf6 2. Nf3 g6 3. Bf4 Bg7 4. e3 d6 5. h3 O-O 6. Be2 Nbd7 7. O-O Re8 8. c3
b6 9. a4 Bb7 10. Nbd2 e5 11. dxe5 dxe5 12. Bh2 Qe7 13. Qc2 e4 14. Nd4 Ne5 15.
Nc4 Nfd7 16. Nxe5 Nxe5 17. Bb5 Rf8 18. Rfd1 a6 19. Bxe5 Qxe5 20. Bc4 Bh6 21.
Ne2 b5 22. axb5 axb5 23. Rxa8 Bxa8 24. Ba2 c5 25. Qd2 Bg5 26. Qd7 c4 27. Rd4
Kg7 28. b3 cxb3 29. Bxb3 Be7 30. Nf4 Qc5 31. Nd5 Bf6 32. Nxf6 Kxf6 33. Qd6+
Qxd6 34. Rxd6+ Kg7 35. Rb6 Rc8 36. Rxb5 Rxc3 37. g4 h6 38. Kg2 Bc6 39. Rb4 Rc5
40. Kg3 g5 41. Ba4 Bxa4 42. Rxa4 Re5 $11 43. Ra7 Kg6 44. Ra6+ Kg7 45. h4 Rb5
46. Ra4 Re5 47. Ra8 Rb5 48. Re8 Rb4 49. Re5 f6 50. Re7+ Kg8 51. h5 Ra4 52. f3
exf3 53. Kxf3 Ra1 54. Ke4 Rf1 55. Rc7 Rf2 56. Rc1 Kg7 1/2-1/2

[Event "86th YMCA Winter-A"]
[Site "Warszawa"]
[Date "2011.03.09"]
[Round "7"]
[White "Szymczak, Rafal"]
[Black "Choroszej, Aleksander"]
[Result "1/2-1/2"]
[WhiteElo "2089"]
[BlackElo "2074"]
[Annotator "M"]
[PlyCount "27"]
[EventDate "2011.01.06"]
[EventType "tourn"]
[EventRounds "1"]
[EventCountry "POL"]
[SourceDate "2011.01.06"]

1. f4 g6 2. Nf3 Bg7 3. g3 d5 4. Bg2 c5 5. O-O Nc6 6. d3 e5 7. fxe5 Nxe5 8. Nxe5
Bxe5 9. c4 dxc4 10. Qa4+ Qd7 11. Qxc4 Qd4+ 12. Qxd4 Bxd4+ 13. Kh1 Ne7 14. Nc3
$11 1/2-1/2

[Event "86th YMCA Winter-A"]
[Site "Warszawa"]
[Date "2011.02.23"]
[Round "8"]
[White "Michniewski, Tomasz"]
[Black "Choroszej, Aleksander"]
[Result "1-0"]
[WhiteElo "2166"]
[BlackElo "2074"]
[PlyCount "123"]
[EventDate "2011.01.06"]
[EventType "tourn"]
[EventRounds "1"]
[EventCountry "POL"]
[SourceDate "2011.01.06"]

1. d4 g6 2. c4 Bg7 3. e4 d6 4. Nc3 Nf6 5. f4 O-O 6. Nf3 c5 7. d5 e6 8. Be2 exd5
9. cxd5 Re8 10. e5 dxe5 11. fxe5 Ng4 12. Bg5 Qb6 13. O-O Nxe5 14. d6 Qxb2 15.
Nd5 Nxf3+ 16. Bxf3 Bd4+ 17. Kh1 Qxa1 18. Qxa1 Bxa1 19. Rxa1 Nd7 20. Be7 Rb8 21.
Nc7 Rf8 22. Re1 Kg7 23. Bxf8+ Nxf8 24. Re8 b5 25. Bd5 c4 26. Kg1 c3 27. Bb3 a5
28. Kf2 a4 29. Bc2 Nd7 30. Rd8 Nc5 31. Ke3 b4 32. Bxa4 Nxa4 33. d7 Nb6 34. Rg8+
Kxg8 35. d8=Q+ Kg7 36. Ne8+ Kf8 37. Qd6+ Kxe8 38. Qxb8 Nd5+ 39. Kd4 Ne7 40. Kd3
Kd8 41. Qd6+ Bd7 42. Qb8+ Bc8 43. Qd6+ Bd7 44. Qxb4 Bf5+ 45. Ke2 c2 46. Qd6+
Ke8 47. Kd2 h5 48. a4 Nc8 49. Qc6+ Ke7 50. Qc7+ Kf6 51. a5 g5 52. a6 h4 53. a7
Nxa7 54. Qxa7 Bg6 55. Qd4+ Ke6 56. Qc5 Kf6 57. Ke3 Kg7 58. Kd4 Kg8 59. Ke5 Kg7
60. Kd6 Kh6 61. Ke7 Kg7 62. Qxg5 1-0